002740000a220009700045001000027000002450019000273000040000465000041000866500032001277730017001591 aLópez D, Juan Carlos10aChancuco, Inc. aVol.0, núm.91 (2007), Página 35 aSe trata de fraude en la universdad.14aFRAUDE-EDUCACIÓN SUPERIOR0 tEl eafitense